000 00272nam a22001337a 4500
008 180917b xxu||||| |||| 00| 0 eng d
041 _aeng
080 _a94
082 _a94
100 _a16
101 _aHIS
245 _aRome and Vatican
_cChapel,S
942 _2udc
_cBK
999 _c47837
_d47837